00378nam a2200157Ia 4500008004100000020001800041245002400059245004000083260001500123260001600138260000900154300001400163300002500177300001000202500000800212170705s9999 xx 000 0 und d a9780545208475 aVunce upon a time / cJ. Otto Seibold and Siobhan Vivian. aNew York : bScholastic, c2008 aunpaged : bcolor illustration ; c28cm. a520